Library Banner

Energy policy analysis (Record no. 62362)

MARC details
000 -LEADER
fixed length control field 00498nam a2200181Ia 4500
001 - CONTROL NUMBER
control field 61919
008 - FIXED-LENGTH DATA ELEMENTS--GENERAL INFORMATION
fixed length control field 141120s9999 xx 000 0 und d
020 ## - INTERNATIONAL STANDARD BOOK NUMBER
International Standard Book Number 9780765623812
040 ## - CATALOGING SOURCE
Transcribing agency PK-LaUMT
082 ## - DEWEY DECIMAL CLASSIFICATION NUMBER
Classification number 621.0420973
Item number DAM-E
100 ## - MAIN ENTRY--PERSONAL NAME
Personal name Hamilton, Michael S.
245 ## - TITLE STATEMENT
Title Energy policy analysis
Remainder of title a conceptual framework
Statement of responsibility, etc Hamilton, Michael S.
260 ## - PUBLICATION, DISTRIBUTION, ETC. (IMPRINT)
Place of publication, distribution, etc New Delhi,India:
Name of publisher, distributor, etc DBS Imprints,
Date of publication, distribution, etc 2014
300 ## - PHYSICAL DESCRIPTION
Extent 251 p.
546 ## - LANGUAGE NOTE
Language note EN
650 ## - SUBJECT ADDED ENTRY--TOPICAL TERM
Topical term or geographic name as entry element Energy policy-United States
942 ## - ADDED ENTRY ELEMENTS (KOHA)
Koha item type Books
Holdings
Withdrawn status Lost status Damaged status Not for loan Home library Current library Date acquired Total Checkouts Full call number Barcode Date last seen Price effective from Koha item type
        UMT Main Campus UMT Main Campus 2014-11-18   621.0420973 DAM-E 82962 2014-11-20 2014-11-20 Books